000 00886nam a22002897a 4500
001 6586
003 FISKH
005 20250513084241.0
008 250513b cb ||||| |||| 00| 0 eng d
020 _a9780152022679
040 _aFISKH
_beng
_cFISKH
_dFISKH
050 _aPZ8.M15 F
082 _a428.6
100 _aMcDermott, Gerald
_d(1941–2012)
245 _aThe fox and the stork /
_cGerald McDermott
250 _aThis edition first published in 2000
260 _aFlorida :
_bGreen Light,
_c2000
300 _a15 unnumbered pages
_bcolor illustrations ;
_c23 cm
505 _aG
520 _aA retelling of the La Fontaine fable in which a stork finds a way to outwit the fox that tricked him.
521 8 _a330
_bLexile
521 8 _aG
_bRaz-Plus
650 _2Stork
_aOutsmart
650 _2Trickster
_aStep Reader
942 _2ddc
_cBK
_n0
999 _c6586
_d6586